00333pam a2200145a 44500008004100000020000900041041000800050082001400058100003600072245002700108250000600135260002900141300000800170650000900178230515b1999 xxu||||| |||| 00| 0 eng d aNULL aENG a610.73691 aAleyamma Eapen & Sr mary Lucita aCardiovascular nursing a0 aNULLb", madras, "c1999 a175 aN.D.